| 000 | 00362cam a2200145ua 4500 | ||
|---|---|---|---|
| 041 |
_aeng _h |
||
| 082 |
_a338.9 _bMAT/FI |
||
| 100 | _aMathew, T . | ||
| 245 |
_aFiscal policy in theplanned economy / _cMathew.T. _hTextual Documents |
||
| 260 |
_aNew Delhi : _bS.Chand & Sons , _c1960. |
||
| 300 | _a51 ; . | ||
| 504 | _a | ||
| 942 | _cBK | ||
| 999 |
_c12415 _d12415 |
||